Jonny Lang Discography - Statistics

General Stats
  • This quiz has been taken 2 times
  • The average score is 5 of 8
Answer Stats
Type Year Name % Correct
Album 1997 Lie to Me
100%
Album 1998 Wander This World
100%
Album 2013 Fight for My Soul
50%
Live Album 2009 Live at the Ryman
50%
Album 2003 Long Time Coming
50%
Album 2017 Signs
50%
Album 2006 Turn Around
50%
Album 1995 Smokin'
0%
No matching quizzes found
Score Distribution
Percent of People with Each Score
Percentile by Number Answered
Your Score History
You have not taken this quiz